Student Bar Review

محفوظ في:

التنسيق: دورية

اللغة: Undetermined

منشور في: JSTOR
Student Advocate Committee

الوصول للمادة أونلاين: Login to view Source

الوسوم: إضافة وسم

لا توجد وسوم, كن أول من يضع وسما على هذه التسجيلة!

رقم الطلب:

LEADER 00554nas a2200157Ia 4500
008 220214c99999999xx |||||||||||| ||und||
022 |a 0972-6543 
245 0 0 |a Student Bar Review 
264 1 |b JSTOR 
264 1 |b Student Advocate Committee 
362 0 |a Vol. 14(2002)-19 (2007) 
500 |a Content for this title is released as soon as the latest issues become available to JSTOR. 
856 4 0 |u https://www.jstor.org/journal/studbarrevi 
942 |c JL 
952 |0 0  |1 0  |4 0  |7 1  |9 37333  |a JSR  |b JSR  |d 2022-02-14  |l 0  |r 2022-02-14 00:00:00  |w 2022-02-14  |y JL 
999 |c 45664  |d 45664